000 00561nam a22001937a 4500
005 20251108164719.0
008 250721s1990 xx 000 0 ara d
082 1 4 _a811.90962/فوز
100 1 _aعيسى، فوزي سعد
245 1 0 _aشعراء معاصرون /
264 1 _aالاسكندريه :
_bدار المعرفة الجامعية،
_c1990.
300 _a330ص
650 1 7 _aالشعر العربي
650 1 7 _aالتاريخ الأدبي
650 1 7 _aالنقد الأدبي
650 1 7 _aمصر
942 _2ddc
_cBK
999 _c12528
_d12528